000 01032nam a2200301 a 4500
001 000007389
003 DO-SdBPM
005 20250620131137.0
008 090908s2003 dr 000 0 spa d
020 _a9993493252
040 _aDO-SdBPM
_bspa
_cBPMSU
_drda
082 4 _a808.8023
_bV145a 2003
_222
100 1 _aValdez, Diógenes,
_d1941-2014
_eautor
245 1 3 _aEl arte de escribir cuentos :
_b(apuntes para una didáctica de la narrativa breve) /
_cDiógenes Valdez.
264 _aSanto Domingo :
_bEditora Manatí,
_c2003
300 _a364 páginas. ;
_c23 cm.
336 _atexto
_btxt
_2rdacontent
337 _asin mediación
_bn
_2rdamedia
338 _avolumen
_bnc
_2rdacarrier
500 _aIncluye referencias bibliográficas y notas al pie de las páginas
504 _aBibliografía (361-364)
590 _aInventariado, 2025/VM
650 7 _aNarración (Retórica)
_x
650 7 _aEstilo literario
650 7 _aNarrativa (Literatura)
_x
910 _aVMateo V. Control de calidad. BPMSU
942 _2ddc
_cBK
999 _c15190
_d15190